02112nam a2200457 i 450000500170000000700030001700800410002002000180006102000360007904000350011504100080015004300120015808200240017010000560019424501050025025000220035526400490037730000620042633600270048833700330051533800280054849000360057650502750061252100530088765000520094065000600099265000260105270000510107870000520112970000390118170000430122070000360126370000480129974000480134774000570139574000390145274000600149174000760155194200120162799900150163920220317001352.0ta210817s2010 ck a jr 000 0 spa d a9789589096581 a9789584465153 q(Obra completa) aCO-BoRNBPbspacCO-BoRNBPerda0 aspa as-ck---04a332.49861bH27c2231 aHernández Camacho, Carlos Nicolásd1953-eautor10aColombia mágica, el libro de los billetescCarlos Nicolás Hernández Camacho ... [y otros seis] aPrimera edición 1aBogotábCarlos Nicolás Hernándezc2010 a80 páginasbilustraciones, fotografías a colorc32 cm atextobtxt2rdacontent asin mediaciónbn2rdamedia avolumenbnc2rdacarrier aBiblioteca colombiana ilustrada aColombia mágica. El libro de los billetes -- Cincuenta mil sueños en papel moneda y mucho más -- Veinte mil pesos de un viaje lunar -- La costurera prodigiosa o el viaje en busca de la amada -- Historia de un niño que introducía sus poemas en pompas de jabón aRecomendado para un público mayor de 12 años17aBilletes de bancoxHistoria zColombia 2ARMARC17aBilletes de bancoxAspectos socioeconómicos 2ARMARC17aNumismática2ARMARC1 aMayorga Rodríguez, Carolina dautora91818751 aNiño, Jairo Aníbald1941-2010 eautor983081 aRomán, Celsod1947-eautor953971 aPérez, Miguel Ángeleautor91818791 aPinilla, Augustoeautor91818801 aTéllez, Hernandod1908-166eautor9181881 aColombia mágica. El libro de los billetes aCincuenta mil sueños en papel moneda y mucho más aVeinte mil pesos de un viaje lunar aLa costurera prodigiosa o el viaje en busca de la amada aHistoria de un niño que introducía sus poemas en pompas de jabón  2ddccBK c6757d6757